Two European Countries Starting With The Same Letter - Statistics

General Stats
  • This quiz has been taken 1,335 times
    1,068 since last reset
  • The average score is 10 of 14
Answer Stats
Hint Answer % Correct
F Finland
87%
C Croatia
86%
F France
82%
G Germany
74%
C Czechia
72%
R Russia
68%
R Romania
67%
N Norway
66%
P Poland
66%
U Ukraine
66%
P Portugal
65%
N Netherlands
64%
G Greece
63%
U United Kingdom
63%
No matching quizzes found
Score Distribution
Percent of People with Each Score
Percentile by Number Answered
Your Score History
You have not taken this quiz since the last reset